Εξελικτική ψυχολογία : δια βίου ανάπτυξη
Αποθηκεύτηκε σε:
| Κύριος συγγραφέας: | |
|---|---|
| Άλλοι συγγραφείς: | , |
| Μορφή: | Βιβλίο |
| Γλώσσα: | Greek English |
| Δημοσίευση: |
Αθήνα :
Gutenberg,
2009.
|
| Θέματα: | |
| Ετικέτες: |
Προσθήκη ετικέτας
Δεν υπάρχουν, Καταχωρήστε ετικέτα πρώτοι!
|
MARC
| LEADER | 00000cam a2200000 i 4500 | ||
|---|---|---|---|
| 001 | 1/20459 | ||
| 008 | 120613s2009 gr | ||| |||| ||gre|| | ||
| 020 | |a 9789600113143 | ||
| 035 | |l 10112709 | ||
| 040 | |a GR-MyUA |b gre |e AACR2 | ||
| 041 | 1 | |a gre |h eng | |
| 082 | 0 | |a 155 |2 (22) | |
| 100 | 1 | |a Feldman, Robert S. |q (Robert Stephen), |d 1947- | |
| 245 | 1 | 0 | |a Εξελικτική ψυχολογία : |b δια βίου ανάπτυξη / |c Robert S. Feldman ; επιστημονική επιμέλεια Ηλίας Γ. Μπεζεβέγκης ; μετάφραση Ζωή Αντωνοπούλου. |
| 260 | |a Αθήνα : |b Gutenberg, |c 2009. | ||
| 300 | |a 2 τ. : |b εικ., πιν. ; |c 26 εκ. | ||
| 500 | |a Ο τ.1 περιλαμβάνει την εξέταση των θεμάτων της ανάπτυξης από τη σύλληψη μέχρι και τη σχολική ηλικία. | ||
| 500 | |a Τίτλος πρωτοτύπου: Development across the life span. | ||
| 504 | |a Περιέχει βιβλιογραφικές παραπομπές και ευρετήριο. | ||
| 650 | 0 | 0 | |a Developmental psychology. |
| 650 | 0 | 0 | |a Psychology |x Textbooks. |
| 650 | 0 | 0 | |a Psychology. |
| 700 | 1 | |a Αντωνοπούλου, Ζωή, |e trlf | |
| 700 | 1 | |a Μπεζεβέγκης, Ηλίας Γ. |e edt | |
| 852 | |a INST |b RHODES |e 20120613 |h 155 FEL |p 005400034441 |q 005400034441 |t BK |y 0 |z τ.1 | ||
| 852 | |a INST |b RHODES |e 20120613 |h 155 FEL |p 005400034441 |q 005400034441 |t BK |v τ.1: |y 0 |z τ.1 | ||
| 853 | |a INST |b RHODES |h 155 FEL | ||
| 901 | |a BIBL4-2012-2 | ||
| 909 | |a Ρ |b 171077 | ||
| 920 | |a ΔΩΡΕΑ ΒΙΒΛΙΟΘΗΚΗΣ |y Ρόδος |z 2012-06 | ||
| 922 | |a 4ΕΛΗ | ||
| 970 | |z 2012/06/13 | ||